000 007910000a22001930004500
003 LK-CoMWRAF
005 20231218122459.0
008 230817t ||||| |||| 00| 0 eng d
020 _a9559111078
040 _aLK-CoMWRAF
_dLK-CoMWRAF
_eLK-CoMWRAF
041 _asin
082 _a320
_bMAD
100 _aමඩහපොළ, තුෂාරි
245 _aශ්‍රී ලංකාවේ දේශපාලන ආයතන තුළ ස්ත්‍රී නියෝජනය
246 _aSri Lankave Deashapalana Ayathana Thula Sthree Niyojanaya
260 _aරාජගිරිය :
_bප්‍රජාතන්ත්‍රීය අයිතිවාසිකම් රැකගැනීමේ ව්‍යාපාරය,
_c2004
300 _aපි. 121
942 _cBK
999 _c3090
_d3090